000 004850000a22001810004500
003 MACL
005 20160311130205.0
008 160311b xxu||||| |||| 00| 0 eng d
040 _aMACL
_cMACL
041 _aHindi
082 _a891.433
100 _aराजगोपाल
_944870
245 _aवाग्‍देवी
260 _bअनुपम प्रकाशन
_c1985
_aरायपुर
350 _a15
650 _aStories
_944871
942 _cHIN
_k891.433
_2ddc
999 _c29235
_d29235